[Event "EYCC Girls-U18 2019"]
[Site "Bratislava"]
[Date "2019.08.05"]
[Round "4.1"]
[White "Sliwicka, Alicja"]
[Black "Afonasieva, Anna"]
[Result "1-0"]
[WhiteElo "2261"]
[BlackElo "2370"]
[Annotator "TA"]
[PlyCount "143"]
[EventDate "2019.08.02"]
[EventType "swiss"]
[EventCountry "SVK"]
[SourceTitle "playchess.com"]
[Source "ChessBase"]
[SourceQuality "1"]

{[%evp 14,143,11,16,9,5,9,0,0,7,7,0,14,36,50,0,0,-31,27,37,33,0,0,0,0,0,0,0,0,0,11,-7,0,0,19,0,0,0,0,0,0,0,0,0,0,0,0,-9,18,24,31,24,70,86,87,94,70,71,80,85,104,77,308,19,37,22,23,30,77,64,139,130,126,126,569,728,660,563,1736,1557,1789,1818,1681,1655,1529,1420,1058,1237,1053,957,12850,29948,6510,97,29953,29958,29953,29954,29952,5393,29956,4133,29972,29973,29973,29974,29974,29975,29975,29976,29978,29967,29978,29979,29979,29980,29980,29981,29989,29990,29996,29975,29973,29976,29976,29977,29977,29978,29978,29979,29979,29979]} 1. e4 c5 2. Nf3 d6 3. d4 cxd4 4. Nxd4 Nf6 5. Nc3 a6 6. a4 e5 7. Nf3 h6 8. Bc4 Qc7 {B90: Sicilian Najdorf: Unusual White 6th moves, 6 Be3 Ng4 and 6 Be3 e5} 9. Qe2 Be6 10. Bb3 Be7 {The position is equal.} 11. O-O O-O 12. Rd1 Nbd7 13. Be3 Rac8 $146 ({Predecessor:} 13... Bxb3 14. cxb3 b6 15. Nd2 Qb7 16. Nc4 Nxe4 {1-0 (46) Leconte,M (2658)-Lallemand,R (2443) France 2000}) 14. a5 Nc5 15. Nd2 Qc6 (15... Nxb3 $15 16. cxb3 Nd7) 16. Bxc5 $11 Qxc5 17. Ra4 (17. h3 {with more complications.} g6 18. Ra4 Bd7 19. Ra3 Be6 20. Nf1) 17... d5 18. exd5 Nxd5 19. Nxd5 Bxd5 20. Bxd5 Qxd5 21. Nc4 Qe6 22. b3 Rfd8 23. Raa1 Bb4 24. Rxd8+ Rxd8 25. Rd1 Rd5 26. Rxd5 Qxd5 27. Nxe5 Bxa5 28. g3 Qe6 29. Kf1 Bc3 30. Nd3 (30. Ng4 {keeps more tension.} Qc6 31. Qd3 Qh1+ 32. Ke2 Qe1+ 33. Kf3) 30... Qxe2+ (30... Qc6 {is interesting.} 31. Qe7 b5 32. Kg1 g5 33. b4 Kg7) 31. Kxe2 {[%mdl 4096] Endgame KB-KN} Bd4 32. g4 Kf8 33. Kf3 Ke7 34. Ke4 Ba7 35. Kd5 Kd7 36. c4 Bb8 37. h3 Bd6 $2 (37... Bc7 $16 {keeps fighting.}) 38. c5 $2 ({Only move:} 38. Nc5+ $1 $18 Bxc5 39. Kxc5) 38... Bc7 39. Nb4 Ba5 40. Nc2 Bc3 41. Ne3 Be1 {[#]} (41... g6 $1 $14) 42. Nf5 $1 $16 Bxf2 43. Nxg7 b5 $2 {[%mdl 8192]} (43... Be3 $16 {is more resistant.}) 44. cxb6 $18 Bxb6 45. Nf5 Bf2 46. Nxh6 Ke7 47. g5 Be1 48. Nf5+ Kd7 49. h4 Bd2 50. Ke5 Bc3+ 51. Nd4 Bd2 52. Kf6 Ke8 53. h5 $2 (53. Nc6 $18 {Hoping for h5.} Bc1 54. h5) 53... Kf8 $2 {[%mdl 8192]} (53... Bc3 $16 54. Ke5 f6+ 55. Ke4 (55. Kxf6 Bxd4+ 56. Ke6 Bc3 $15) (55. gxf6 Kf7 $16) 55... fxg5) 54. Nc6 Bc3+ 55. Kf5 Kg7 56. Ne5 (56. h6+ $142 Kh7 57. Nd8 Kg8 58. g6 fxg6+ 59. Kxg6 Kf8 60. Ne6+ Ke8 61. Nc7+ Kd7 62. Nxa6) 56... a5 57. Nd7 (57. h6+ $142 Kg8 58. Nc4 Kh7 59. Nd6 f6 {[#]} 60. Ne4 $1 {[%mdl 512]} fxg5 61. Nxc3 Kxh6 62. Ne4) 57... Bd4 58. h6+ {White mates.} Kh7 59. Nf6+ Kh8 60. g6 fxg6+ 61. Kxg6 Be3 62. Nd5 Bd2 63. Nc7 Bb4 64. Ne6 Be7 65. Nd4 Bd6 66. Nf3 Bf4 67. Ng5 Bxg5 68. Kxg5 Kh7 69. Kh5 Kg8 70. Kg6 Kh8 71. Kf5 Kh7 72. Ke4 {Accuracy: White = 63%, Black = 39%.} 1-0

[Event "EYCC Girls-U18 2019"]
[Site "Bratislava"]
[Date "2019.08.05"]
[Round "4.2"]
[White "Beydullayeva, Govhar"]
[Black "Schneider, Jana"]
[Result "1/2-1/2"]
[WhiteElo "2282"]
[BlackElo "2216"]
[Annotator "NA"]
[PlyCount "101"]
[EventDate "2019.08.02"]
[EventType "swiss"]
[EventCountry "SVK"]
[SourceTitle "playchess.com"]
[Source "ChessBase"]
[SourceQuality "1"]
[TimeControl "40/5400+30:1800+30"]

1. d4 {[%emt 0:00:00]} Nf6 {[%emt 0:00:00]} 2. c4 {[%emt 0:00:00]} e6 {[%emt 0:00:00]} 3. Nf3 {[%emt 0:00:00]} d5 {[%emt 0:00:00]} 4. g3 {[%emt 0:00:12]} Be7 {[%emt 0:00:02]} 5. Bg2 {[%emt 0:00:16]} O-O {[%emt 0:00:10]} 6. O-O {[%emt 0:00:23]} c6 {[%emt 0:00:07]} 7. Qc2 {[%emt 0:03:24]} b6 {[%emt 0:00:16]} 8. b3 {[%emt 0:01:10]} Bb7 {[%emt 0:00:19]} 9. Nc3 {[%emt 0:01:55]} Nbd7 {[%emt 0:01:05]} 10. Rd1 {[%emt 0:09:32]} Rc8 {[%emt 0:02:19]} 11. e4 {[%emt 0:01:35]} dxe4 {[%emt 0:01:38]} 12. Ng5 {[%emt 0:05:42]} c5 {[%emt 0:03:16]} 13. dxc5 {[%emt 0:10:11]} Bxc5 {[%emt 0:03:50]} 14. Ncxe4 Bxe4 {[%emt 0:20:52]} 15. Nxe4 {[%emt 0:09:47]} Qc7 {[%emt 0:03:12]} 16. Nxc5 {[%emt 0:03:00]} Qxc5 {[%emt 0:00:38]} 17. Qe2 {[%emt 0:04:40]} a5 {[%emt 0:06:08]} 18. Be3 {[%emt 0:04:45]} Qe5 {[%emt 0:01:50]} 19. Qd2 {[%emt 0:06:20]} Qh5 {[%emt 0:04:21]} 20. h3 {[%emt 0:01:54]} Nc5 {[%emt 0:02:58]} 21. Qd6 {[%emt 0:02:34]} Rb8 {[%emt 0:02:04]} 22. g4 {[%emt 0:04:40]} Qg6 {[%emt 0:05:52]} 23. Bxc5 {[%emt 0:02:32]} bxc5 {[%emt 0:00:16]} 24. Qxc5 {[%emt 0:00:07]} h5 {[%emt 0:00:48]} 25. g5 {[%emt 0:07:35]} Ne4 {[%emt 0:00:18]} 26. Qxa5 {[%emt 0:01:30]} Nxg5 {[%emt 0:00:50]} 27. Qc3 {[%emt 0:01:02]} f5 {[%emt 0:01:39]} 28. h4 {[%emt 0:10:06]} Ne4 {[%emt 0:01:06]} 29. Qe5 {[%emt 0:01:41]} Rbc8 {[%emt 0:05:03]} 30. f3 {[%emt 0:01:31]} Ng3 {[%emt 0:01:43]} 31. Rd7 {[%emt 0:00:30]} Rcd8 {[%emt 0:09:02]} 32. Rad1 {[%emt 0:01:03]} Rxd7 {[%emt 0:00:17]} 33. Rxd7 {[%emt 0:00:01]} f4 {[%emt 0:00:30]} 34. Qg5 {[%emt 0:02:02]} Qb1+ {[%emt 0:00:47]} 35. Kh2 {[%emt 0:00:13]} Qb2 {[%emt 0:00:53]} 36. c5 {[%emt 0:03:17]} Nf1+ {[%emt 0:02:33]} 37. Kh3 {[%emt 0:00:13]} Ne3 {[%emt 0:00:06]} 38. c6 {[%emt 0:00:28]} Qc3 {[%emt 0:03:06]} 39. Kh2 {[%emt 0:01:38]} Ra8 {[%emt 0:11:20]} 40. Rd8+ {[%emt 0:00:00]} Rxd8 41. Qxd8+ {[%emt 0:01:19]} Kh7 {[%emt 0:00:20]} 42. Kh3 {[%emt 0:14:46]} Ng4 {[%emt 0:02:43]} 43. Qg5 {[%emt 0:01:48]} Nf2+ {[%emt 0:00:27]} 44. Kh2 {[%emt 0:00:02]} Ng4+ {[%emt 0:00:23]} 45. fxg4 {[%emt 0:01:56]} Qg3+ {[%emt 0:00:04]} 46. Kg1 {[%emt 0:00:03]} Qe3+ {[%emt 0:00:07]} 47. Kf1 {[%emt 0:03:02]} Qc1+ {[%emt 0:00:48]} 48. Ke2 {[%emt 0:01:11]} Qe3+ {[%emt 0:00:13]} 49. Kf1 {[%emt 0:06:32]} Qc1+ {[%emt 0:00:06]} 50. Ke2 {[%emt 0:00:06]} Qe3+ {[%emt 0:00:03]} 51. Kf1 {[%emt 0:04:44]} 1/2-1/2

[Event "EYCC Girls-U18 2019"]
[Site "Bratislava"]
[Date "2019.08.05"]
[Round "4.3"]
[White "Badelka, Olga"]
[Black "Kochukova, Anna"]
[Result "1-0"]
[WhiteElo "2386"]
[BlackElo "2148"]
[Annotator "TA"]
[PlyCount "95"]
[EventDate "2019.08.02"]
[EventType "swiss"]
[EventCountry "SVK"]
[SourceTitle "playchess.com"]
[Source "ChessBase"]
[SourceQuality "1"]

{[%evp 9,95,0,0,-1,2,-30,-14,-25,-18,-27,-7,-4,-4,-7,-13,0,0,-39,-29,-19,-18,-34,-33,-27,-4,-43,-17,-41,22,24,20,0,0,-39,-22,-20,-21,-62,-59,-74,-65,-66,-66,-66,-63,-61,-68,-68,-66,-66,-62,-62,-66,-58,-60,-93,-38,-51,0,-13,-10,-12,-12,-54,-5,-5,-5,-8,-5,-8,0,0,161,131,700,729,651,648,29992,29980,29994,29995,29996,29997,29997,29998,29998,29999]} 1. Nf3 Nf6 2. g3 b5 3. Bg2 Bb7 4. d4 e6 5. a4 b4 6. Nbd2 {A46: 1 d4 Nf6 2 Nf3 e6: Torre, London and Colle Systems} (6. c4 bxc3 7. Nxc3 a5 8. O-O Na6 9. Bf4 Be7 10. Qb1 d5 11. Ne5 O-O 12. Rc1 c6 13. e4 {0-1 (46) Adly,A (2611)-Abdusattorov,N (2560) Dubai 2019}) 6... Be7 7. Nb3 O-O 8. O-O {The position is equal.} d6 $146 ({Predecessor:} 8... Na6 9. Na5 Be4 10. Ne5 Bxg2 11. Kxg2 c6 12. Nb3 Rc8 13. Nd3 d6 14. c4 c5 15. dxc5 {0-1 (134) Hewson,B (2024)-Gonzalez Gonzalez,A (2192) Caleta 2018}) 9. Bg5 a5 10. Nfd2 Bxg2 11. Kxg2 h6 12. Bxf6 Bxf6 13. e3 Nd7 14. Nc4 Nb6 15. Qd3 Nxc4 16. Qxc4 Qc8 17. Rad1 Qb7+ 18. f3 Qa6 ({Black should play} 18... c5 $15) 19. Qxa6 $11 Rxa6 20. Rf2 Rc8 21. Rfd2 c5 22. dxc5 dxc5 23. Rd6 Raa8 24. Rb1 c4 25. Nd4 Rd8 26. Nb5 Be5 27. Rxd8+ Rxd8 $15 {[%mdl 4096] Endgame KRB-KRN} 28. f4 Rd2+ 29. Kf3 Bf6 30. c3 $1 bxc3 31. bxc3 Rxh2 32. e4 Be7 ({Better is} 32... Rd2 $17 33. e5 Be7) 33. Nd4 Ra2 (33... Rd2 $15) 34. Nc6 Bc5 {aiming for ...h5.} 35. Rb5 Bg1 36. Rxa5 Rf2+ 37. Kg4 g6 {[#] White must now prevent ...f5+.} 38. f5 $1 exf5+ 39. exf5 h5+ 40. Kg5 {Threatening mate with Kh6.} Rf3 $2 (40... Kg7 $11 {and Black is okay.} 41. fxg6 Rf6 {[%mdl 64] Double Attack}) 41. Kf6 $18 Rxg3 $2 {[%mdl 8192]} (41... Bh2 $16) 42. Ne7+ Kh7 43. Kxf7 {[%cal Rf5g6]} g5 44. Ra6 {White mates.} Rf3 {[#]} 45. Rg6 $1 {[%mdl 512]} h4 46. Rg7+ Kh6 47. Ng8+ Kh5 48. Nf6+ {Accuracy: White = 51%, Black = 40%.} 1-0

[Event "EYCC Girls-U18 2019"]
[Site "Bratislava"]
[Date "2019.08.05"]
[Round "4.4"]
[White "Antova, Gabriela"]
[Black "Nilssen, Ellen Fredericia"]
[Result "1-0"]
[WhiteElo "2257"]
[BlackElo "2155"]
[Annotator "NA"]
[PlyCount "83"]
[EventDate "2019.08.02"]
[EventType "swiss"]
[EventCountry "SVK"]
[SourceTitle "playchess.com"]
[Source "ChessBase"]
[SourceQuality "1"]
[TimeControl "40/5400+30:1800+30"]

1. d4 {[%emt 0:00:00]} Nf6 {[%emt 0:00:00]} 2. c4 {[%emt 0:00:00]} g6 {[%emt 0:00:00]} 3. Nc3 {[%emt 0:00:00]} d5 {[%emt 0:00:00]} 4. cxd5 {[%emt 0:00:00]} Nxd5 {[%emt 0:00:00]} 5. Bd2 {[%emt 0:00:01]} Bg7 {[%emt 0:00:23]} 6. e4 {[%emt 0:00:18]} Nxc3 {[%emt 0:00:07]} 7. Bxc3 {[%emt 0:00:08]} O-O {[%emt 0:00:09]} 8. Qd2 {[%emt 0:00:17]} Nc6 {[%emt 0:00:08]} 9. Nf3 {[%emt 0:00:32]} Bg4 {[%emt 0:00:28]} 10. d5 {[%emt 0:00:14]} Bxf3 {[%emt 0:00:42]} 11. Bxg7 {[%emt 0:00:11]} Kxg7 {[%emt 0:00:04]} 12. gxf3 {[%emt 0:00:10]} Ne5 {[%emt 0:00:10]} 13. O-O-O {[%emt 0:06:37]} Qd6 {[%emt 0:00:25]} 14. f4 {[%emt 0:13:02]} Nd7 {[%emt 0:03:55]} 15. Kb1 {[%emt 0:01:35]} f6 {[%emt 0:03:00]} 16. h4 {[%emt 0:06:04]} Nc5 {[%emt 0:23:23]} 17. f3 {[%emt 0:03:19]} e6 {[%emt 0:04:10]} 18. h5 {[%emt 0:08:38]} exd5 {[%emt 0:04:57]} 19. Qh2 {[%emt 0:03:02]} Rh8 {[%emt 0:08:50]} 20. Rxd5 {[%emt 0:00:17]} Qe7 {[%emt 0:00:14]} 21. Qc2 {[%emt 0:25:29]} Ne6 {[%emt 0:06:56]} 22. h6+ {[%emt 0:00:33]} Kf7 {[%emt 0:03:55]} 23. Bc4 {[%emt 0:02:50]} Ke8 {[%emt 0:01:47]} 24. Rhd1 {[%emt 0:03:43]} Rd8 {[%emt 0:05:54]} 25. Qa4+ {[%emt 0:08:39]} c6 {[%emt 0:03:14]} 26. Rxd8+ {[%emt 0:03:04]} Nxd8 {[%emt 0:00:02]} 27. Qxa7 {[%emt 0:00:13]} b5 {[%emt 0:00:11]} 28. Rxd8+ {[%emt 0:00:54]} Kxd8 {[%emt 0:00:26]} 29. Qb8+ {[%emt 0:00:06]} Kd7 {[%emt 0:00:21]} 30. Qxh8 {[%emt 0:00:02]} Qd6 {[%emt 0:04:20]} 31. Qxh7+ {[%emt 0:01:25]} Kd8 {[%emt 0:01:00]} 32. Qg8+ {[%emt 0:01:05]} Kc7 {[%emt 0:00:06]} 33. Bxb5 cxb5 34. Qd5 {[%emt 0:05:41]} Qxf4 {[%emt 0:01:21]} 35. h7 {[%emt 0:02:56]} Qh4 {[%emt 0:00:15]} 36. Qf7+ {[%emt 0:00:50]} Kb6 {[%emt 0:00:28]} 37. a3 {[%emt 0:00:10]} b4 {[%emt 0:01:40]} 38. axb4 {[%emt 0:00:28]} Qe1+ {[%emt 0:10:01]} 39. Ka2 {[%emt 0:00:21]} Qd1 {[%emt 0:00:12]} 40. Qe6+ {[%emt 0:00:00]} Ka7 {[%emt 0:00:00]} 41. Qb3 {[%emt 0:07:02]} Qh1 {[%emt 0:00:52]} 42. Qf7+ {[%emt 0:00:08]} 1-0

[Event "EYCC Girls-U18 2019"]
[Site "Bratislava"]
[Date "2019.08.05"]
[Round "4.5"]
[White "Nazarova, Anastasia"]
[Black "Ferkova, Dominika"]
[Result "0-1"]
[WhiteElo "2149"]
[BlackElo "2009"]
[Annotator "NA"]
[PlyCount "116"]
[EventDate "2019.08.02"]
[EventType "swiss"]
[EventCountry "SVK"]
[SourceTitle "playchess.com"]
[Source "ChessBase"]
[SourceQuality "1"]
[TimeControl "40/5400+30:1800+30"]

1. e4 {[%emt 0:00:00]} c6 {[%emt 0:00:00]} 2. d4 {[%emt 0:00:00]} d5 {[%emt 0:00:00]} 3. exd5 {[%emt 0:00:00]} cxd5 {[%emt 0:00:00]} 4. Bd3 {[%emt 0:00:00]} Nc6 {[%emt 0:00:09]} 5. c3 {[%emt 0:00:00]} g6 {[%emt 0:00:13]} 6. Nf3 {[%emt 0:00:00]} Bf5 {[%emt 0:00:06]} 7. Bxf5 {[%emt 0:00:05]} gxf5 {[%emt 0:00:07]} 8. O-O {[%emt 0:00:37]} Nf6 {[%emt 0:03:40]} 9. Re1 {[%emt 0:00:24]} e6 {[%emt 0:01:42]} 10. Bg5 {[%emt 0:08:22]} Be7 {[%emt 0:04:20]} 11. Bh6 {[%emt 0:08:37]} Qc7 {[%emt 0:09:42]} 12. Qd3 {[%emt 0:12:49]} Rg8 {[%emt 0:05:03]} 13. b4 {[%emt 0:06:27]} O-O-O {[%emt 0:10:28]} 14. b5 {[%emt 0:26:36]} Na5 {[%emt 0:04:42]} 15. Ne5 {[%emt 0:01:05]} Ng4 {[%emt 0:13:42]} 16. Bf4 {[%emt 0:11:30]} f6 {[%emt 0:09:05]} 17. Nxg4 {[%emt 0:00:30]} Qxf4 {[%emt 0:00:17]} 18. Ne3 {[%emt 0:00:14]} Qg5 {[%emt 0:13:15]} 19. g3 {[%emt 0:00:05]} f4 {[%emt 0:02:06]} 20. Ng2 {[%emt 0:01:45]} e5 {[%emt 0:04:28]} 21. Nd2 {[%emt 0:04:44]} e4 {[%emt 0:01:49]} 22. Qc2 {[%emt 0:05:00]} Kb8 {[%emt 0:00:32]} 23. c4 {[%emt 0:00:55]} Bb4 {[%emt 0:00:15]} 24. Nxe4 {[%emt 0:02:54]} dxe4 {[%emt 0:00:07]} 25. Rxe4 {[%emt 0:00:02]} fxg3 {[%emt 0:01:22]} 26. hxg3 {[%emt 0:00:05]} Qd2 {[%emt 0:04:14]} 27. Qxd2 {[%emt 0:04:42]} Bxd2 {[%emt 0:00:02]} 28. c5 {[%emt 0:00:11]} b6 {[%emt 0:05:43]} 29. Nh4 {[%emt 0:02:25]} Bc3 {[%emt 0:02:10]} 30. Rc1 {[%emt 0:01:33]} Bxd4 {[%emt 0:00:34]} 31. c6 {[%emt 0:00:12]} Bc5 {[%emt 0:00:06]} 32. Kf1 {[%emt 0:01:15]} Rge8 {[%emt 0:00:31]} 33. Rxe8 {[%emt 0:01:54]} Rxe8 {[%emt 0:00:01]} 34. Nf5 {[%emt 0:00:07]} a6 {[%emt 0:02:46]} 35. a4 {[%emt 0:00:18]} axb5 {[%emt 0:00:02]} 36. axb5 {[%emt 0:00:04]} Re5 {[%emt 0:01:30]} 37. g4 {[%emt 0:00:40]} h5 {[%emt 0:01:45]} 38. Rd1 {[%emt 0:00:44]} hxg4 {[%emt 0:01:08]} 39. Rd8+ {[%emt 0:00:03]} Kc7 {[%emt 0:00:24]} 40. Rh8 {[%emt 0:00:00]} Nxc6 {[%emt 0:00:00]} 41. Ng7 {[%emt 0:04:09]} Nd4 {[%emt 0:07:01]} 42. Ne8+ {[%emt 0:00:47]} Rxe8 {[%emt 0:00:48]} 43. Rxe8 {[%emt 0:00:06]} Nxb5 {[%emt 0:00:10]} 44. Ke2 {[%emt 0:02:33]} f5 {[%emt 0:01:22]} 45. Rg8 {[%emt 0:00:19]} Kd6 {[%emt 0:01:51]} 46. Rd8+ {[%emt 0:00:29]} Ke5 {[%emt 0:00:50]} 47. Re8+ {[%emt 0:00:15]} Kd5 {[%emt 0:00:13]} 48. Rg8 {[%emt 0:00:45]} Kc4 {[%emt 0:00:25]} 49. Ke1 {[%emt 0:00:34]} Nd4 {[%emt 0:00:21]} 50. Kd2 {[%emt 0:01:03]} b5 {[%emt 0:00:50]} 51. Rh8 {[%emt 0:01:00]} b4 {[%emt 0:01:18]} 52. Rh1 {[%emt 0:00:20]} b3 {[%emt 0:00:05]} 53. Rc1+ {[%emt 0:00:24]} Kb4 {[%emt 0:00:35]} 54. f4 {[%emt 0:03:05]} b2 {[%emt 0:01:19]} 55. Kd3 {[%emt 0:01:35]} bxc1=N+ {[%emt 0:01:21]} 56. Kd2 {[%emt 0:00:07]} Nf3+ {[%emt 0:00:33]} 57. Kd1 {[%emt 0:00:21]} g3 {[%emt 0:00:24]} 58. Kc2 {[%emt 0:00:56]} g2 {[%emt 0:00:08]} 0-1

[Event "EYCC Girls-U18 2019"]
[Site "Bratislava"]
[Date "2019.08.05"]
[Round "4.6"]
[White "Radeva, Viktoria"]
[Black "Cramling Bellon, Anna"]
[Result "0-1"]
[WhiteElo "2247"]
[BlackElo "2030"]
[Annotator "NA"]
[PlyCount "130"]
[EventDate "2019.08.02"]
[EventType "swiss"]
[EventCountry "SVK"]
[SourceTitle "playchess.com"]
[Source "ChessBase"]
[SourceQuality "1"]
[TimeControl "40/5400+30:1800+30"]

1. e4 {[%emt 0:00:00]} c5 {[%emt 0:00:00]} 2. Nf3 {[%emt 0:00:00]} e6 {[%emt 0:00:00]} 3. d4 {[%emt 0:00:00]} cxd4 {[%emt 0:00:00]} 4. Nxd4 {[%emt 0:00:00]} Nf6 {[%emt 0:00:00]} 5. Nc3 {[%emt 0:00:04]} Nc6 {[%emt 0:00:00]} 6. Ndb5 {[%emt 0:00:22]} d6 {[%emt 0:00:01]} 7. Bf4 {[%emt 0:03:00]} e5 {[%emt 0:00:21]} 8. Bg5 {[%emt 0:00:04]} a6 {[%emt 0:00:09]} 9. Na3 {[%emt 0:00:14]} b5 {[%emt 0:00:04]} 10. Nd5 {[%emt 0:00:08]} Be7 {[%emt 0:00:21]} 11. Bxf6 {[%emt 0:00:10]} Bxf6 {[%emt 0:00:10]} 12. c3 {[%emt 0:00:08]} Ne7 {[%emt 0:00:21]} 13. Nxf6+ {[%emt 0:00:25]} gxf6 {[%emt 0:00:05]} 14. Bd3 {[%emt 0:00:03]} d5 {[%emt 0:08:37]} 15. Qe2 {[%emt 0:04:05]} Bb7 {[%emt 0:01:28]} 16. Rd1 {[%emt 0:14:45]} Qb6 {[%emt 0:14:55]} 17. exd5 {[%emt 0:16:16]} Bxd5 {[%emt 0:06:16]} 18. Be4 {[%emt 0:01:14]} O-O-O {[%emt 0:06:10]} 19. O-O {[%emt 0:08:35]} Rhg8 {[%emt 0:14:08]} 20. c4 {[%emt 0:11:07]} Bxe4 {[%emt 0:00:52]} 21. Qxe4 {[%emt 0:00:10]} Rxd1 {[%emt 0:17:03]} 22. Rxd1 {[%emt 0:00:07]} b4 {[%emt 0:00:08]} 23. c5 {[%emt 0:20:08]} Qc6 {[%emt 0:02:41]} 24. Qxc6+ {[%emt 0:02:48]} Nxc6 {[%emt 0:00:01]} 25. Nc4 {[%emt 0:00:42]} Rd8 {[%emt 0:04:57]} 26. Nd6+ {[%emt 0:06:02]} Kc7 {[%emt 0:02:03]} 27. Kf1 {[%emt 0:00:37]} Na5 {[%emt 0:08:18]} 28. Rc1 {[%emt 0:01:58]} Nb7 {[%emt 0:04:20]} 29. Ne4 {[%emt 0:04:03]} Kc6 {[%emt 0:05:44]} 30. Ke2 {[%emt 0:01:46]} f5 {[%emt 0:01:15]} 31. Ng5 {[%emt 0:00:38]} Nxc5 {[%emt 0:02:15]} 32. Nxh7 {[%emt 0:02:33]} Kb6 {[%emt 0:01:22]} 33. g3 {[%emt 0:01:59]} Ne4 {[%emt 0:01:29]} 34. f3 {[%emt 0:00:14]} Rh8 {[%emt 0:00:23]} 35. fxe4 {[%emt 0:00:05]} Rxh7 {[%emt 0:00:02]} 36. h4 {[%emt 0:01:34]} fxe4 {[%emt 0:00:22]} 37. Rc4 {[%emt 0:00:07]} f5 {[%emt 0:01:01]} 38. Rxb4+ {[%emt 0:00:11]} Kc5 {[%emt 0:00:07]} 39. a3 {[%emt 0:00:58]} a5 {[%emt 0:01:06]} 40. Rb8 {[%emt 0:00:00]} f4 {[%emt 0:00:00]} 41. Rc8+ {[%emt 0:03:27]} Kd6 {[%emt 0:06:59]} 42. Rd8+ {[%emt 0:00:06]} Ke6 {[%emt 0:01:19]} 43. Rf8 {[%emt 0:07:26]} fxg3 {[%emt 0:02:59]} 44. Rg8 {[%emt 0:00:11]} Rxh4 {[%emt 0:01:45]} 45. Rxg3 {[%emt 0:00:53]} Rh2+ {[%emt 0:01:42]} 46. Ke3 {[%emt 0:03:49]} Kd5 {[%emt 0:02:46]} 47. Rg8 {[%emt 0:00:44]} Rxb2 {[%emt 0:01:02]} 48. Rd8+ {[%emt 0:00:08]} Kc4 {[%emt 0:00:57]} 49. Rc8+ {[%emt 0:04:08]} Kb3 {[%emt 0:02:00]} 50. Kxe4 {[%emt 0:00:07]} Kxa3 {[%emt 0:03:54]} 51. Kxe5 {[%emt 0:00:09]} Rd2 {[%emt 0:03:03]} 52. Ke4 {[%emt 0:01:24]} a4 {[%emt 0:01:23]} 53. Ke3 {[%emt 0:00:40]} Rd7 {[%emt 0:00:33]} 54. Rb8 {[%emt 0:01:10]} Ka2 {[%emt 0:00:50]} 55. Ke2 {[%emt 0:00:06]} a3 {[%emt 0:01:40]} 56. Ke1 {[%emt 0:00:05]} Rd3 {[%emt 0:02:02]} 57. Ke2 {[%emt 0:04:29]} Rb3 {[%emt 0:00:37]} 58. Rd8 {[%emt 0:03:42]} Ka1 {[%emt 0:04:12]} 59. Rd1+ {[%emt 0:02:01]} Rb1 {[%emt 0:00:09]} 60. Rd8 {[%emt 0:00:24]} a2 {[%emt 0:00:31]} 61. Kd2 {[%emt 0:01:31]} Kb2 {[%emt 0:00:41]} 62. Rb8+ {[%emt 0:00:04]} Ka3 {[%emt 0:00:05]} 63. Ra8+ {[%emt 0:00:05]} Kb3 {[%emt 0:00:09]} 64. Rb8+ {[%emt 0:01:22]} Kc4 {[%emt 0:00:08]} 65. Rc8+ {[%emt 0:00:05]} Kd5 {[%emt 0:00:09]} 0-1

[Event "EYCC Girls-U18 2019"]
[Site "Bratislava"]
[Date "2019.08.05"]
[Round "4.7"]
[White "Goltseva, Ekaterina"]
[Black "Sibajeva, Marija"]
[Result "1-0"]
[WhiteElo "2304"]
[BlackElo "2031"]
[Annotator "NA"]
[PlyCount "55"]
[EventDate "2019.08.02"]
[EventType "swiss"]
[EventCountry "SVK"]
[SourceTitle "playchess.com"]
[Source "ChessBase"]
[SourceQuality "1"]
[TimeControl "40/5400+30:1800+30"]

1. d4 {[%emt 0:00:00]} Nf6 {[%emt 0:00:00]} 2. c4 {[%emt 0:00:00]} g6 {[%emt 0:00:00]} 3. Nc3 {[%emt 0:00:00]} d5 {[%emt 0:00:00]} 4. cxd5 {[%emt 0:00:00]} Nxd5 {[%emt 0:00:00]} 5. e4 {[%emt 0:00:00]} Nxc3 {[%emt 0:00:00]} 6. bxc3 {[%emt 0:00:02]} Bg7 {[%emt 0:00:03]} 7. Nf3 {[%emt 0:00:12]} c5 {[%emt 0:00:06]} 8. Rb1 {[%emt 0:00:08]} O-O {[%emt 0:00:07]} 9. Be2 {[%emt 0:00:09]} cxd4 {[%emt 0:00:06]} 10. cxd4 {[%emt 0:00:05]} Qa5+ {[%emt 0:00:05]} 11. Bd2 {[%emt 0:00:05]} Qxa2 {[%emt 0:00:06]} 12. O-O {[%emt 0:00:14]} Bg4 {[%emt 0:00:19]} 13. Bg5 {[%emt 0:00:28]} h6 {[%emt 0:02:14]} 14. Bh4 {[%emt 0:00:44]} Rd8 {[%emt 0:08:36]} 15. d5 {[%emt 0:01:53]} g5 {[%emt 0:05:18]} 16. Bg3 {[%emt 0:00:56]} Nd7 {[%emt 0:16:24]} 17. Rxb7 {[%emt 0:12:15]} Nc5 {[%emt 0:06:14]} 18. Rxe7 {[%emt 0:03:25]} Bf6 {[%emt 0:02:53]} 19. Rxf7 {[%emt 0:06:04]} Nxe4 {[%emt 0:10:29]} 20. Rxf6 {[%emt 0:23:11]} Nxf6 {[%emt 0:00:50]} 21. Qd4 {[%emt 0:04:58]} Qxe2 {[%emt 0:06:50]} 22. Qxf6 {[%emt 0:01:02]} Rxd5 {[%emt 0:05:02]} 23. Be5 {[%emt 0:11:42]} Rd7 {[%emt 0:04:05]} 24. Qg6+ {[%emt 0:03:54]} Kf8 {[%emt 0:01:06]} 25. Qxh6+ {[%emt 0:00:16]} Ke8 {[%emt 0:00:57]} 26. Qg6+ {[%emt 0:00:42]} Kf8 {[%emt 0:00:29]} 27. Re1 {[%emt 0:03:36]} Qd3 {[%emt 0:05:07]} 28. Qf6+ {[%emt 0:00:39]} 1-0